[Event "Lueneburg distr-ch Haupt"]
[Site "Muenster"]
[Date "2019.10.19"]
[Round "6"]
[White "Greve, Stefanie"]
[Black "Nannt, Matthias"]
[Result "1-0"]
[WhiteElo "1430"]
[BlackElo "1011"]
[PlyCount "93"]
[EventDate "2019.10.17"]
[EventType "swiss"]
[EventRounds "7"]
[EventCountry "GER"]
[SourceTitle "EXT 2023"]
[Source "ChessBase"]
[SourceDate "2022.10.05"]
[SourceVersion "1"]
[SourceVersionDate "2022.10.05"]
[SourceQuality "1"]

1. d4 d5 2. Bf4 Nc6 3. e3 e6 4. Nf3 Bd6 5. Bg3 Bxg3 6. hxg3 a6 7. Nbd2 Nf6 8. c3 0-0 9. Bd3 h6 10. Ne5 Nxe5 11. dxe5 Nh7 12. f4 f5 13. exf6 Nxf6 14. Qe2 c5 15. g4 c4 16. Bc2 Kf7 17. 0-0-0 Rh8 18. g5 hxg5 19. fxg5 Ne8 20. Rxh8 Qxg5 21. Qh5+ Qxh5 22. Rxh5 Nf6 23. Rf1 Kg8 24. Rh4 b5 25. Bg6 Bd7 26. Rfh1 Kf8 27. Rh8+ Ng8 28. Rf1+ Ke7 29. Rf7+ Kd6 30. Rxg7 a5 31. Rgxg8 Rxg8 32. Rxg8 b4 33. cxb4 axb4 34. Be8 c3 35. bxc3 bxc3 36. Nb1 Bxe8 37. Rxe8 Ke5 38. Nxc3 d4 39. exd4+ Kxd4 40. Rxe6 Kxc3 41. Rd6 Kb4 42. Rc6 Ka3 43. Rb6 Kxa2 44. Kc2 Ka3 45. Kc3 Ka4 46. Kc4 Ka5 47. Rc6 1-0

[Event "Lueneburg distr-ch Haupt"]
[Site "Muenster"]
[Date "2019.10.18"]
[Round "4"]
[White "Greve, Stefanie"]
[Black "Lewerenz, Max"]
[Result "1/2-1/2"]
[WhiteElo "1430"]
[BlackElo "1136"]
[PlyCount "51"]
[EventDate "2019.10.17"]
[EventType "swiss"]
[EventRounds "7"]
[EventCountry "GER"]
[SourceTitle "EXT 2023"]
[Source "ChessBase"]
[SourceDate "2022.10.05"]
[SourceVersion "1"]
[SourceVersionDate "2022.10.05"]
[SourceQuality "1"]

1. d4 d5 2. Bf4 e6 3. e3 Bd6 4. Bxd6 Qxd6 5. Qg4 g6 6. Nf3 f6 7. Nbd2 Nc6 8. Qg3 Qxg3 9. hxg3 Bd7 10. 0-0-0 0-0-0 11. Kb1 g5 12. Bd3 g4 13. Ng1 e5 14. Rxh7 Rxh7 15. Bxh7 exd4 16. e4 Be6 17. exd5 Bxd5 18. f3 Nh6 19. Be4 Bxe4 20. Nxe4 f5 21. Nc5 Nf7 22. Ne2 Nfe5 23. f4 Nc4 24. Rd3 Re8 25. Nc1 Ne3 26. Rd2 1/2-1/2

[Event "Lueneburg distr-ch Haupt"]
[Site "Bergen"]
[Date "2018.10.11"]
[Round "2.7"]
[White "Greve, Stefanie"]
[Black "Baldauf, Karsten"]
[Result "1/2-1/2"]
[WhiteElo "1390"]
[BlackElo "1605"]
[PlyCount "78"]
[EventDate "2018.10.11"]
[EventType "swiss"]
[EventRounds "7"]
[EventCountry "GER"]
[SourceTitle "EXT 2020"]
[Source "ChessBase"]
[SourceDate "2019.10.17"]
[SourceVersion "1"]
[SourceVersionDate "2019.10.17"]
[SourceQuality "1"]

1. d4 d5 2. Bf4 Nf6 3. e3 e6 4. Nf3 Be7 5. h3 0-0 6. Bd3 c5 7. c3 Qb6 8. Qc1 Nc6 9. Nbd2 cxd4 10. exd4 Nh5 11. Bh2 f5 12. 0-0 Nf6 13. Ne5 Nxe5 14. Bxe5 Bd6 15. Nf3 Nd7 16. Bh2 Bxh2+ 17. Kxh2 Qd6+ 18. Kg1 e5 19. dxe5 Nxe5 20. Nxe5 Qxe5 21. Re1 Qf6 22. Re2 Bd7 23. Qd2 f4 24. f3 Qg5 25. Kh1 Qg3 26. Rf1 Rae8 27. Rxe8 Rxe8 28. Qf2 Qxf2 29. Rxf2 Re3 30. Rd2 g6 31. Bc2 Bc6 32. Bb3 Re5 33. c4 dxc4 34. Bxc4+ Kg7 35. Kg1 Kf6 36. Kf2 Re3 37. Rd6+ Ke7 38. Rd4 g5 39. Be2 Re6 1/2-1/2

[Event "Niedersachsen-ch op-D"]
[Site "Verden"]
[Date "2017.01.06"]
[Round "3"]
[White "Greve, Stefanie"]
[Black "Hallfarth, Freya"]
[Result "1-0"]
[WhiteElo "1059"]
[BlackElo "1427"]
[PlyCount "59"]
[EventDate "2017.01.05"]
[EventType "swiss"]
[EventRounds "7"]
[EventCountry "GER"]
[SourceTitle "CBM 187 Extra"]
[Source "ChessBase"]
[SourceDate "2018.11.04"]
[SourceVersion "1"]
[SourceVersionDate "2018.11.04"]
[SourceQuality "1"]

1. d4 e6 2. c4 d5 3. Nc3 Nc6 4. Bf4 Nf6 5. e3 Be7 6. Bd3 0-0 7. Nge2 Nb4 8. Be5 Nxd3+ 9. Qxd3 c6 10. 0-0 Ng4 11. Bg3 Bd6 12. cxd5 exd5 13. Nf4 Qf6 14. f3 Nh6 15. Nce2 Re8 16. Nh5 Qe6 17. Bxd6 Qxd6 18. e4 dxe4 19. fxe4 Ng4 20. Neg3 b6 21. Qf3 Qxd4+ 22. Kh1 Re7 23. b3 Bd7 24. Nf5 Bxf5 25. exf5 Rc8 26. f6 Qe5 27. Qxg4 g6 28. fxe7 Qxe7 29. Qxc8+ Qf8 30. Nf6+ 1-0

[Event "Niedersachsen-ch op-D"]
[Site "Verden"]
[Date "2017.01.06"]
[Round "4"]
[White "Kiesel, Lara"]
[Black "Greve, Stefanie"]
[Result "1-0"]
[WhiteElo "1453"]
[BlackElo "1059"]
[PlyCount "125"]
[EventDate "2017.01.05"]
[EventType "swiss"]
[EventRounds "7"]
[EventCountry "GER"]
[SourceTitle "CBM 187 Extra"]
[Source "ChessBase"]
[SourceDate "2018.11.04"]
[SourceVersion "1"]
[SourceVersionDate "2018.11.04"]
[SourceQuality "1"]

1. e4 e6 2. d4 d5 3. Nc3 dxe4 4. Nxe4 Nd7 5. Nf3 Ngf6 6. Nxf6+ Nxf6 7. Be3 Bd6 8. h3 b6 9. Bd3 Bb7 10. Qe2 a6 11. 0-0 0-0 12. c4 Ne4 13. a3 c5 14. Rab1 Qc7 15. Rfc1 e5 16. d5 Nf6 17. Bg5 Nd7 18. Nh4 f6 19. Bd2 Rfe8 20. Qe4 Nf8 21. Nf5 Bc8 22. Re1 Bxf5 23. Qxf5 Ra7 24. Re4 Qf7 25. Ree1 Qg6 26. Qf3 Qf7 27. Qg4 Ree7 28. Bc2 Reb7 29. Bd1 f5 30. Qh5 Qxh5 31. Bxh5 Ng6 32. Bd1 e4 33. Bc2 Rf7 34. Bd1 Ne5 35. Be2 Rae7 36. Kf1 Ng6 37. Rbc1 f4 38. Bg4 e3 39. Bc3 Ne5 40. Bxe5 Bxe5 41. Be6 Bxb2 42. Bxf7+ Rxf7 43. Rc2 Bxa3 44. Ra1 Bb4 45. Rxa6 Ba5 46. Ra8+ Rf8 47. Rxf8+ Kxf8 48. fxe3 fxe3 49. Ke2 Ke7 50. Kxe3 Kd6 51. Kf4 Be1 52. Re2 Bc3 53. Re6+ Kc7 54. Kf5 Kb7 55. Rc6 Bf6 56. Rxf6 gxf6 57. Kxf6 Ka6 58. Ke7 Ka5 59. d6 Kb4 60. d7 Kxc4 61. d8Q b5 62. Qg8+ Kb4 63. Qxh7 1-0

[Event "Niedersachsen-ch op-D"]
[Site "Verden"]
[Date "2017.01.05"]
[Round "1"]
[White "Greve, Stefanie"]
[Black "Schlie, Johann"]
[Result "0-1"]
[WhiteElo "1059"]
[BlackElo "1368"]
[PlyCount "82"]
[EventDate "2017.01.05"]
[EventType "swiss"]
[EventRounds "7"]
[EventCountry "GER"]
[SourceTitle "CBM 187 Extra"]
[Source "ChessBase"]
[SourceDate "2018.11.04"]
[SourceVersion "1"]
[SourceVersionDate "2018.11.04"]
[SourceQuality "1"]

1. d4 d5 2. c4 Nf6 3. Nc3 e6 4. cxd5 exd5 5. Bg5 Bb4 6. e3 0-0 7. Bd3 Be6 8. Nge2 Nbd7 9. Rc1 c6 10. Bb1 Qa5 11. 0-0 Ne8 12. Nf4 h6 13. Qd3 Nef6 14. Bxf6 Nxf6 15. Nh5 Rfe8 16. Nxf6+ gxf6 17. f4 f5 18. Rf3 Kf8 19. Rh3 Kg7 20. Ne2 Bd2 21. Rf1 Bd7 22. g4 fxg4 23. Qh7+ Kf8 24. Qxh6+ Ke7 25. Qg5+ Kd6 26. Rh6+ Kc7 27. Kh1 Bxe3 28. Ng3 Bxd4 29. b3 Re1 30. f5 Rxf1+ 31. Nxf1 Qe1 32. Qf4+ Be5 33. Qxg4 Qxf1+ 34. Qg1 Qxg1+ 35. Kxg1 Rg8+ 36. Kf2 Rg5 37. h4 Rg3 38. Rh5 Rh3 39. Kg2 Rh2+ 40. Kf3 Rb2 41. Bd3 Rxa2 0-1

[Event "Lueneburg distr-ch Haupt"]
[Site "Tostedt"]
[Date "2015.10.24"]
[Round "6.9"]
[White "Greve, Stefanie"]
[Black "Dehmel, Bernd"]
[Result "1/2-1/2"]
[WhiteElo "918"]
[BlackElo "1476"]
[PlyCount "99"]
[EventDate "2015.10.22"]
[EventType "swiss"]
[EventRounds "7"]
[EventCountry "GER"]
[SourceTitle "EXT 2019"]
[Source "ChessBase"]
[SourceDate "2018.10.10"]
[SourceVersion "1"]
[SourceVersionDate "2018.10.10"]
[SourceQuality "1"]

1. e4 c6 2. Nc3 d5 3. Nf3 dxe4 4. Nxe4 Bf5 5. Ng3 Bg6 6. c3 Nd7 7. d4 Qc7 8. Bc4 Ngf6 9. 0-0 e6 10. Bg5 Bd6 11. Bh4 0-0 12. a3 h6 13. b4 Nh5 14. Bb3 Nxg3 15. hxg3 Bh5 16. Qd3 Bg6 17. Qe3 Rfe8 18. Rfe1 Be7 19. Re2 Bh5 20. Bc2 Bxh4 21. gxh4 Nf6 22. Qe5 Re7 23. Qxc7 Rxc7 24. Bd1 Rd8 25. Re5 Rd5 26. c4 Rxe5 27. Nxe5 Bxd1 28. Rxd1 b6 29. a4 Nd7 30. Nxd7 Rxd7 31. f4 c5 32. Kf2 cxd4 33. c5 bxc5 34. bxc5 a6 35. c6 Rc7 36. Rc1 Kf8 37. Ke2 Ke7 38. g4 Kd6 39. Rc4 Rxc6 40. Rxd4+ Ke7 41. Ke3 g6 42. Kf3 Rc3+ 43. Kg2 f6 44. Rb4 f5 45. g5 hxg5 46. hxg5 Rc7 47. Rb6 Kd7 48. Rxa6 Rc6 49. Ra7+ Rc7 50. Ra6 1/2-1/2